000 00666nam a2200289Ia 4500
005 20260324125416.0
008 008 260324s9999 xx 000 0 eng d
020 _a9781315088655
037 _aEBOOK
040 _aCRL
040 _beng
040 _cCRL
041 _2eng
041 _aeng
084 _qCRL
100 _aJan Berry
_91177872
245 0 _aRitual Making Women
245 0 _bShaping Rites for Changing Lives
260 _bTaylor and Francis
260 _c2009
365 _a
365 _b230
856 _uhttp://www.taylorfrancis.com/books/9781315088655
942 _cEBOOK
999 _c1773102
_d1773102